1756 1975 1669 1763 1625 1812 1303 1774 1064 1169 1482 1893 1448 1059 1240 1341 1999 1493 1090 1819 1748 1024 1761 1271 1005 1126 1207 1065 1100 1438 1121 1335 1094 1788 1083 1900 1237 1882 1723 1824 1593 1216 1968 1456 1407 1408 1673 1648 1572 1952 1042 1487 1775 1277 1522 1226 1050 1916 1724 1086 1265 1659 1238 1705 1743 1467 1507 1065 1323 1780 1443 1961 1448 1511 1247 1302 1092 1450 1268 1141 1811 1798 1563 1599 1205 1731 1385 1142 1567 1003 1250 1326 1267 1673 1931 1547 1423 1058 1207 BCNSPRNW ULIB Ver.6.0+V

เปลี่ยนเป็นภาษาไทย

Change to English
 แสดงรายละเอียดบรรณานุกรม
  กลับหน้าหลัก

Brief Record : Get Marc (ISO 2709) : E-mail record : QR code < ปิดหน้าต่าง
LEADER : 00000nam 2200000uu 4500
001    13399113863
003     ULIB
008    120110s||||||||th 000 0 tha d
099    วจ.BF323^bช133จ
100 0  ชนกานต์ แสงคำกุล
245 00 เจตคติต่อวิชาชีพพยาบาล ของนักศึกษาพยาบาลศาสตร์บัณฑิต ชั้นปีที่ 1 ปีการศึกษา 2551 /^cชนกานต์ แสงคำกุล,วราภรณ์ สัตยวงศ์และอวินนท์ บัวประชุม
260    พิษณุโลก :^bวิทยาลัยพยาบาลบรมราชชนนี พุทธชินราช,^c2551
300    53 หน้า :^bตาราง
500    รายงานการวิจัย
650  7 วิชาชีพพยาบาล^xเจตคติ^xวิจัย
700 02 วราภรณ์ สัตยวงศ์
700 02 อวินนท์ บัวประชุม
710 1  วิทยาลัยพยาบาลบรมราชชนนี พุทธชินราช
945    ^p0^l0^i030926
995    ทศพร
999 ^a ทศพร
รายการนี้ยังไม่มีแท็ก
คุณยังไม่ได้ล็อกอิน คุณสามารถมีกิจกรรมร่วมกับเว็บไซต์ได้ แต่ต้องล็อกอินก่อน ::
  ล็อกอิน

รายการสื่อสารสนเทศ

ลำดับที่ ประเภท เลขเรียก/บาร์โค้ด สถานที่ สถานะ
1. งานวิจัย
งานวิจัย
วจ.BF323 ช133จ ฉ.1 
  Barcode: 030926
ห้องสมุดวิทยาเขตสวรรค์ประชารักษ์
►วิจัย
บนชั้น

BibComment


ยังไม่เคยถูกคอมเมนท์

คอมเมนท์ทรัพยากรรายการนี้
  คอมเมนท์: เจตคติต่อวิชาชีพพ..


 Copyright 2026. Bcnsprnw @Library